000 00648nam a2200181 a 4500
001 000049131
005 20201002061700.0
008 190722s2008 dr a 000 spa d
040 _aDO-SdBNP
_bspa
_cBNPHU
082 _a796.357
_bS321c
100 1 _aScheker Ortiz, Luis
_99515
245 1 0 _aCómo jugar un mejor beisbol : guía especial para pequeñas ligas. :
_bguía especial para pequeñas ligas /
_cLuis Scheker Ortíz.
260 _aSanto Domingo :
_bMartínez Artes Gráficas,
_c2008.
300 _a199 p. :
_bil. ;
_c21 cm.
590 _aInventariado, 2019 / DG
650 4 _aBeisbol
_xManuales
_920151
650 4 _aBeisbol
_xReglamentos
_920152
999 _c48619
_d48619